LEADER 00943nam0-22003491i-450- 001 990007410030403321 005 20060927124928.0 010 $a88-14-04742-1 035 $a000741003 035 $aFED01000741003 035 $a(Aleph)000741003FED01 035 $a000741003 100 $a20030410d1994----km-y0itay50------ba 101 0 $aita 102 $aIT 105 $ay---n---001yy 200 1 $aProfili storici delle istituzioni diplomatiche$fAdolfo Maresca 210 $aMilano$cGiuffrè$dc1994 215 $aXXV, 500 p.$d25 cm 676 $a341.33$v20$zita 700 1$aMaresca,$bAdolfo$0232537 801 0$aIT$bUNINA$gRICA$2UNIMARC 901 $aBK 912 $a990007410030403321 952 $aXXVII 226$b450$fDDCIC 952 $aI 26$b1169$fDSI 952 $aDI 5/927$b13771$fDEC 959 $aDDCIC 959 $aDSI 959 $aDEC 996 $aProfili storici delle istituzioni diplomatiche$9690977 997 $aUNINA LEADER 01685nam 2200541 450 001 9910466051403321 005 20200917021826.0 035 $a(CKB)3710000000929267 035 $a(MiAaPQ)EBC4458741 035 $a(Au-PeEL)EBL4458741 035 $a(CaPaEBR)ebr11294738 035 $a(CaONFJC)MIL968695 035 $a(OCoLC)962450050 035 $a(EXLCZ)993710000000929267 100 $a20161115h20162016 uy 0 101 0 $aeng 135 $aurcnu|||||||| 181 $2rdacontent 182 $2rdamedia 183 $2rdacarrier 200 10$aMitigating droughts and floods in agriculture $epolicy lessons and approaches /$fOECD 210 1$aParis, [France] :$cOECD Publishing,$d2016. 210 4$d©2016 215 $a1 online resource (76 pages) $cillustrations, tables 225 1 $aOECD Studies on Water,$x2224-5081 311 $a1-78040-813-7 311 $a1-78040-814-5 320 $aIncludes bibliographical references at the end of each chapters. 410 0$aOECD studies on water. 606 $aWater-supply, Agricultural$xManagement 606 $aDrought management 606 $aFloodplain management 606 $aClimatic changes 606 $aSustainable agriculture 608 $aElectronic books. 615 0$aWater-supply, Agricultural$xManagement. 615 0$aDrought management. 615 0$aFloodplain management. 615 0$aClimatic changes. 615 0$aSustainable agriculture. 676 $a631.7 801 0$bMiAaPQ 801 1$bMiAaPQ 801 2$bMiAaPQ 906 $aBOOK 912 $a9910466051403321 996 $aMitigating droughts and floods in agriculture$92064294 997 $aUNINA